| 000 | 01081cam a2200217 4500 | ||
|---|---|---|---|
| 001 | ABS66738 | ||
| 008 | 030516n2003 000 0 eng u | ||
| 035 | _a(Sirsi) u122298 | ||
| 245 | _aFeudal real burdens - action required now | ||
| 260 | _c2003 | ||
| 490 |
_aLandowning in Scotland _v(274) April/May 2003, 13(1) |
||
| 520 | _aMany members of the Scottish Landowners Federation are feudal superiors and enjoy benefits from rights and restrictions over land and buildings, known as feudal real burdens. However, legislation is now abolishing the feudal system and feudal superiors will need to act soon in order to secure the benefits from feudal real burdens in other forms. Summarises the main possibilities under two headings of re-allotment and conversion - personal burden and new tenement with sporting rights. | ||
| 590 | _aABS | ||
| 650 | _aSCOTLAND | ||
| 650 | _aFEUDAL SYSTEM | ||
| 650 | _aFEUDAL RIGHTS | ||
| 650 | _aABOLITION OF FEUDAL TENURE ETC (SCOTLAND) ACT 2000 | ||
| 650 | _aTITLE CONDITIONS (SCOTLAND) ACT 2003 | ||
| 690 | _aPROPERTY | ||
| 942 | _n0 | ||
| 999 |
_c72680 _d72680 |
||